000 00540nam a2200181 a 4500
005 20240920063833.0
008 991125s1982 sao 000 0 spa u
035 _aUPN01000051146
049 _aCG
050 4 _aLA557
_bP5.7 1930
100 1 _aPiletti, Nelson
245 1 0 _aA reforma Fernando de Azevedo :
_bDistrito Federal, 1927-1930 /
_cNelson Piletti.
260 _aSao Paulo :
_bUniversidade de Sao Paulo,
_c1982.
300 _a307 p.
440 0 _aEstudos e documentos ;
_v20
650 4 _aEducación
_zBrasil
_99697
905 _aLibro
999 _c51146
_d51146